Extraction Techniques in Analytical Sciences / (Record no. 15114)
[ view plain ]
| 000 -LEADER | |
|---|---|
| fixed length control field | 01798cam a2200349 a 4500 |
| 001 - CONTROL NUMBER | |
| control field | 15768790 |
| 005 - DATE AND TIME OF LATEST TRANSACTION | |
| control field | 20180109135156.0 |
| 008 - FIXED-LENGTH DATA ELEMENTS--GENERAL INFORMATION | |
| fixed length control field | 090609s2009 enkab b 001 0 eng |
| 010 ## - LIBRARY OF CONGRESS CONTROL NUMBER | |
| LC control number | 2009021623 |
| 015 ## - NATIONAL BIBLIOGRAPHY NUMBER | |
| National bibliography number | GBA974263 |
| Source | bnb |
| 016 7# - NATIONAL BIBLIOGRAPHIC AGENCY CONTROL NUMBER | |
| Record control number | 015336858 |
| Source | Uk |
| 020 ## - INTERNATIONAL STANDARD BOOK NUMBER | |
| International Standard Book Number | 0470772840 (pbk. : alk. paper) |
| 020 ## - INTERNATIONAL STANDARD BOOK NUMBER | |
| International Standard Book Number | 9780470772843 (pbk. : alk. paper) |
| 035 ## - SYSTEM CONTROL NUMBER | |
| System control number | (OCoLC)ocn391348814 |
| 040 ## - CATALOGING SOURCE | |
| Original cataloging agency | DLC |
| Transcribing agency | DLC |
| Modifying agency | BTCTA |
| -- | BWKUK |
| -- | YDXCP |
| -- | BWX |
| -- | CDX |
| -- | TTU |
| -- | UKM |
| -- | DLC |
| 050 00 - LIBRARY OF CONGRESS CALL NUMBER | |
| Classification number | TP156.E8 |
| Item number | D435 2009 |
| 082 00 - DEWEY DECIMAL CLASSIFICATION NUMBER | |
| Classification number | 628.501543 |
| Edition number | 22 |
| Item number | DEA |
| 100 1# - MAIN ENTRY--PERSONAL NAME | |
| Personal name | Dean, John R. |
| 9 (RLIN) | 23068 |
| 245 10 - TITLE STATEMENT | |
| Title | Extraction Techniques in Analytical Sciences / |
| Statement of responsibility, etc | John R. Dean. |
| 260 ## - PUBLICATION, DISTRIBUTION, ETC. (IMPRINT) | |
| Place of publication, distribution, etc | Chichester, U.K. ; |
| -- | Hoboken, NJ : |
| Name of publisher, distributor, etc | Wiley, 2009 |
| Date of publication, distribution, etc | 2009. |
| 300 ## - PHYSICAL DESCRIPTION | |
| Extent | xxvi, 281 p. : |
| Other physical details | ill., maps ; |
| Dimensions | 24 cm. |
| 490 1# - Series Statement | |
| Series statement | Analytical Techniques in the Sciences |
| -- | 6259 |
| 504 ## - BIBLIOGRAPHY, ETC. NOTE | |
| Bibliography, etc | Includes bibliographical references and indexes. |
| 505 00 - FORMATTED CONTENTS NOTE | |
| Title | Pre- and post-extraction considerations -- |
| -- | Classical approaches for aqueous extraction -- |
| -- | Solid phase extraction -- |
| -- | Solid phase microextraction -- |
| -- | New developments in microextraction -- |
| -- | Classical approaches for solid-liquid extraction -- |
| -- | Pressurized fluid extraction -- |
| -- | Microwave-assisted extraction -- |
| -- | Matrix solid phase dispersion -- |
| -- | Air sampling -- |
| -- | Comparison of extraction methods -- |
| -- | Resources for extraction techniques. |
| 650 #0 - SUBJECT ADDED ENTRY--TOPICAL TERM | |
| Topical term or geographic name as entry element | Extraction (Chemistry) |
| 9 (RLIN) | 23069 |
| 650 #0 - SUBJECT ADDED ENTRY--TOPICAL TERM | |
| Topical term or geographic name as entry element | Chemistry, Analytic. |
| 9 (RLIN) | 23070 |
| 653 ## - INDEX TERM--UNCONTROLLED | |
| Resource For college | |
| Arrived date list | April2011 |
| 650 #0 - SUBJECT ADDED ENTRY--TOPICAL TERM | |
| 9 (RLIN) | 23071 |
| Topical term or geographic name as entry element | Environmental monitoring |
| 830 #0 - SERIES ADDED ENTRY--UNIFORM TITLE | |
| Uniform title | Analytical techniques in the sciences. |
| 9 (RLIN) | 23072 |
| 942 ## - ADDED ENTRY ELEMENTS (KOHA) | |
| Source of classification or shelving scheme | Dewey Decimal Classification |
| Item type | Book - Borrowing |
| Withdrawn status | Item status | Source of classification or shelving scheme | Damaged status | Not for loan | Vendor | Home library | Current library | Shelving location | Date acquired | Source of acquisition | Cost, normal purchase price | Serial Enumeration / chronology | Total Checkouts | Full call number | Barcode | Date last seen | Date last borrowed | Koha item type |
|---|---|---|---|---|---|---|---|---|---|---|---|---|---|---|---|---|---|---|
| Dewey Decimal Classification | Baccah | Central Library | Central Library | First floor | 14/04/2011 | 363.00 | 11997 | 2 | 628.501543 DEA | 000023239 | 15/07/2025 | 26/11/2017 | Book - Borrowing |